000
00312nam a22001337a 4500
020
_a
978-93-86429-25-4
082
_a
894.812.3
_b
SUR/V
100
_a
SOORYAGANTHAN
245
_a
ORU VAYALINTE KADHA
260
_a
THRISSUR
_b
CURRENT BOOKS
_c
2018
300
_a
111
650
_a
MALAYALM STORIES
_z
KERALA
942
_c
BK
999
_c
7134
_d
7134